000 00388nam a22001697a 4500
005 20160628141648.0
008 160628b xxu||||| |||| 00| 0 eng d
020 _a0-14-302-768-9
041 _aeng
082 _b10577
100 _aBasu, Siddhartha
_92979
245 _aMastermaind India
260 _bPenguin India
_c2000
300 _a507
650 _aManagement
_9241
942 _cBK
999 _c4434
_d4433